| 000 | 00504nam a22001937a 4500 | ||
|---|---|---|---|
| 005 | 20260420104436.0 | ||
| 008 | 260420b |||||||| |||| 00| 0 eng d | ||
| 020 |
_a9789358494822 _c400.00 |
||
| 040 | _aMAIN | ||
| 041 | _aeng | ||
| 082 |
_a370.95 _bDEK |
||
| 100 |
_aDeka, Nabanita _d Bhagabati, Parthana |
||
| 245 |
_aHistory of Indian Education _cBy Nabanita Deka. |
||
| 250 | _a1st ed. | ||
| 260 |
_aDibrugarh: _bBanalata; _c2023. |
||
| 300 | _a324p. | ||
| 650 | _aEducation | ||
| 942 |
_2ddc _cBK |
||
| 999 |
_c16387 _d16387 |
||